000 00569nam a2200217Ia 4500
005 20250923145952.0
008 008 250917s9999 xx 000 0 eng d
037 _aTextual
040 _aDSWL
_beng
_cDSWL
041 _aeng
_2eng
084 _aYX, N97
_qDSWL
100 _aPayne, Malcolm
_9840842
245 0 _aModern Social Work Theory
_c by Malcolm Payne
250 _a2
260 _aLondon
_b Macmillan Press
_c1997
300 _axiv,354 p.
365 _aGBP
_b11.5
925 _g11.5
942 _cTEXL
_hYX, N97
999 _c1457956
_d1457956